书目信息 |
| 题名: |
建筑趣谈A-Z
|
|
| 作者: | 海尔曼 编著 ;闫晓璐 译 | |
| 分册: | ||
| 出版信息: | 北京 机械工业出版社 2004.04 |
|
| 页数: | 176页 | |
| 开本: | 29cm | |
| 丛书名: | ||
| 单 册: | ||
| 中图分类: | TU-49 | |
| 科图分类: | ||
| 主题词: | 建筑学--普及读物 | |
| 电子资源: | ||
| ISBN: | 7-111-14101-6 | |
| 000 | 00721nam0 2200241 45 | |
| 001 | 012004000000 | |
| 005 | 20050113145237.87 | |
| 010 | @a7-111-14101-6@dCNY 80.00 | |
| 100 | @a20040824d2004 em y0chiy0121 ea | |
| 101 | 1 | @achi@ceng |
| 102 | @aCN@b110000 | |
| 105 | @aa z 000yy | |
| 200 | 1 | @a建筑趣谈A-Z@Ajian zhu qu tan A-Z@f(美)路易斯·海尔曼编著@g闫晓璐译 |
| 210 | @a北京@c机械工业出版社@d2004.04 | |
| 215 | @a176页@c图@d29cm | |
| 312 | @a封面并列题名: Architecture A-Z | |
| 510 | 1 | @aArchitecture A-Z@zeng |
| 606 | 0 | @a建筑学@j普及读物 |
| 690 | @aTU-49@v4 | |
| 701 | 1 | @a海尔曼@Ahai er man@b路易斯@4编著 |
| 702 | 0 | @a闫晓璐@Ayan xiao lu@4译 |
| 801 | 0 | @aCN@bQSSKw@c20050113 |
| 905 | @a10447@dTU-49@eL879 | |
| 建筑趣谈A-Z/(美)路易斯·海尔曼编著/闫晓璐译.-北京:机械工业出版社,2004.04 |
| 176页:图;29cm |
| ISBN 7-111-14101-6:CNY 80.00 |
| ● |
| 相关链接 |
|
|
|
正题名:建筑趣谈A-Z
索取号:TU-49/L879
 
预约/预借
| 序号 | 登录号 | 条形码 | 馆藏地/架位号 | 状态 | 备注 |
| 1 | 425137 | 204251371 | 建筑库101/ [索取号:TU-49/L879] | 在馆 | |
| 2 | 425138 | 204251380 | 建筑库101/ [索取号:TU-49/L879] | 在馆 | |
| 3 | 437077 | 204370778 | 建筑库101/101建筑库 12排3列4层/ [索取号:TU-49/L879] | 在馆 | |
| 4 | 437078 | 204370787 | 建筑库101/ [索取号:TU-49/L879] | 在馆 |